Die teuersten Fußballtransfers - Geboren 1994 - Statistiken

Allgemein
  • Dieses Quiz wurde 37 mal gespielt
  • Das Durchschnittsergebnis liegt bei 9 aus 11
Antwortstatistiken
Ablöse (M €) Saison Nationalität Abgebender Verein Aufnehmender Verein Spieler % Korrekt
63,70 2015-0016 England FC Liverpool Manchester City Raheem Sterling
100%
56,20 2022-2023 England Manchester City FC Chelsea Raheem Sterling
100%
65,00 2019-2020 Portugal Sporting Manchester United Bruno Fernandes
97%
80,00 2018-2019 Spanien Athletic Bilbao FC Chelsea Kepa Arrizabalaga
94%
50,00 2017-2018 Portugal AS Monaco Manchester City Bernardo Silva
85%
65,00 2019-2020 Portugal Juventus Turin Manchester City João Cancelo
82%
50,00 2019-2020 Frankreich / Elfenbeinküste Eintracht Frankfurt West Ham United Sébastien Haller
79%
52,60 2023-2024 Serbien FC Fulham Al-Hilal Aleksandar Mitrovic
74%
55,60 2016-2017 England FC Everton Manchester City John Stones
68%
65,00 2017-2018 Spanien Athletic Bilbao Manchester City Aymeric Laporte
65%
57,50 2017-2018 Frankreich AS Monaco Manchester City Benjamin Mendy
65%
Keine übereinstimmenden Quizze gefunden
Verteilung der Resultate
Anzahl Personen mit jedem Resultat
Perzentil nach korrekt beantworteten Fragen
Ihre Resultats-Entwicklung
Sie haben dieses Quiz noch nicht gespielt